<?xml version="1.0" encoding="UTF-8"?>
<record
    xmlns:xsi="http://www.w3.org/2001/XMLSchema-instance"
    xsi:schemaLocation="http://www.loc.gov/MARC21/slim http://www.loc.gov/standards/marcxml/schema/MARC21slim.xsd"
    xmlns="http://www.loc.gov/MARC21/slim">

  <leader>01608nam a2200385   4500</leader>
  <controlfield tag="001">13959</controlfield>
  <controlfield tag="003">http://catalogue.bnf.fr/ark:/12148/cb486490714</controlfield>
  <controlfield tag="005">20251204114146.0</controlfield>
  <datafield tag="010" ind1=" " ind2=" ">
    <subfield code="a">9782847053197</subfield>
    <subfield code="d">7,50 EUR</subfield>
  </datafield>
  <datafield tag="073" ind1=" " ind2="0">
    <subfield code="a">9782847053197</subfield>
  </datafield>
  <datafield tag="090" ind1=" " ind2=" ">
    <subfield code="a">13959</subfield>
  </datafield>
  <datafield tag="099" ind1=" " ind2=" ">
    <subfield code="o">0</subfield>
  </datafield>
  <datafield tag="100" ind1=" " ind2=" ">
    <subfield code="a">20251119d2025    m  y0frey50      ba</subfield>
  </datafield>
  <datafield tag="101" ind1="0" ind2=" ">
    <subfield code="a">fre</subfield>
  </datafield>
  <datafield tag="102" ind1=" " ind2=" ">
    <subfield code="a">FR</subfield>
  </datafield>
  <datafield tag="105" ind1=" " ind2=" ">
    <subfield code="a">||||z   00|||</subfield>
  </datafield>
  <datafield tag="181" ind1=" " ind2="0">
    <subfield code="6">01</subfield>
    <subfield code="a">i </subfield>
    <subfield code="b">xxxe  </subfield>
  </datafield>
  <datafield tag="181" ind1=" " ind2=" ">
    <subfield code="6">02</subfield>
    <subfield code="c">txt</subfield>
    <subfield code="2">rdacontent</subfield>
  </datafield>
  <datafield tag="182" ind1=" " ind2="0">
    <subfield code="6">01</subfield>
    <subfield code="a">n</subfield>
  </datafield>
  <datafield tag="182" ind1=" " ind2=" ">
    <subfield code="6">02</subfield>
    <subfield code="c">n</subfield>
    <subfield code="2">rdamedia</subfield>
  </datafield>
  <datafield tag="200" ind1="1" ind2=" ">
    <subfield code="a">Gros-poil</subfield>
    <subfield code="b">LIVR</subfield>
  </datafield>
  <datafield tag="214" ind1=" " ind2="0">
    <subfield code="c">Editions Espaces 34</subfield>
    <subfield code="d">2025</subfield>
  </datafield>
  <datafield tag="214" ind1=" " ind2="3">
    <subfield code="c">Impr. Pr&#xE9;sence graphique</subfield>
  </datafield>
  <datafield tag="214" ind1=" " ind2="0">
    <subfield code="a">Castelnau-le-Lez</subfield>
  </datafield>
  <datafield tag="214" ind1=" " ind2="3">
    <subfield code="a">37-Monts</subfield>
  </datafield>
  <datafield tag="215" ind1=" " ind2=" ">
    <subfield code="a">1 vol. (50 p.)</subfield>
  </datafield>
  <datafield tag="215" ind1=" " ind2=" ">
    <subfield code="d">17 cm</subfield>
  </datafield>
  <datafield tag="225" ind1="1" ind2=" ">
    <subfield code="a">Th&#xE9;&#xE2;tre jeunesse</subfield>
    <subfield code="v">32</subfield>
  </datafield>
  <datafield tag="225" ind1="1" ind2=" ">
    <subfield code="x">0753-3454</subfield>
  </datafield>
  <datafield tag="323" ind1=" " ind2=" ">
    <subfield code="a">2 personnages</subfield>
  </datafield>
  <datafield tag="330" ind1=" " ind2=" ">
    <subfield code="a">Dans une for&#xEA;t, un &#xE9;crivain en plein vague &#xE0; l &#xE2;me croise la route d un dr&#xF4;le de gamin &#xE0; v&#xE9;lo. Soudain, par un hasard fantastique, un violent orage &#xE9;clate, les deux trouvant alors refuge dans une petite cabane. Et tandis que le gamin &#xE9;crit une chanson pour sa premi&#xE8;re amoureuse, l &#xE9;crivain se confronte &#xE0; son amour perdu : il a un &#xAB; gros-poil &#xBB;. Par leurs &#xE9;changes, entre r&#xE9;miniscence et souvenirs, les cSurs s ouvrent sans n&#xE9;cessairement se comprendre. Ce duo presque clownesque, va avec humour, tendresse et po&#xE9;sie, redonner force &#xE0; la vie et &#xE0; ses myst&#xE8;res.</subfield>
  </datafield>
  <datafield tag="700" ind1=" " ind2=" ">
    <subfield code="a">Arca</subfield>
    <subfield code="b">Fabien</subfield>
  </datafield>
  <datafield tag="700" ind1=" " ind2=" ">
    <subfield code="c">Auteur du texte</subfield>
  </datafield>
  <datafield tag="801" ind1=" " ind2="0">
    <subfield code="a">FR</subfield>
    <subfield code="b">FR-751131015</subfield>
    <subfield code="c">20251119</subfield>
    <subfield code="g">AFNOR</subfield>
    <subfield code="h">FRBNF486490710000002</subfield>
  </datafield>
  <datafield tag="856" ind1=" " ind2="2">
    <subfield code="u">1138562</subfield>
    <subfield code="b">Premi&#xE8;re de couverture</subfield>
  </datafield>
  <datafield tag="995" ind1=" " ind2=" ">
    <subfield code="2">0</subfield>
    <subfield code="5">2025-12-04</subfield>
    <subfield code="9">13852</subfield>
    <subfield code="c">JOL</subfield>
    <subfield code="f">JOL-007660</subfield>
    <subfield code="k">TH ARC 2</subfield>
    <subfield code="o">0</subfield>
    <subfield code="b">JOL</subfield>
    <subfield code="r">LIVR</subfield>
  </datafield>
</record>
